Motto Review 11/1/13 Quiz Stats

 Plays Quiz not verified by Sporcle

Challenge
Share
Tweet
Embed
Score 0/30 Timer 10:00
0 Plays Today
Hint Answer % Correct
in the year of the Lordanno domini
83.3%
before noonante meridiem
66.7%
make it up as you go alongad libitum
50%
for the sake of an exampleexempli gratia
50%
and the restet cetera
50%
after noonpost meridiem
50%
may he rest in peacerequiescat in pace
50%
to infinityad infinitum
50%
to the point of disgustad nauseam
50%
another identityalias
50%
your soul mother/ your schoolalma mater
50%
with praisecum laude
50%
before the warante bellum
50%
approximately (date)circa
50%
note wellnota bene
33.3%
Hint Answer % Correct
and the otherset alii
33.3%
senate and the Roman peoplesenatus populusque Romanus
33.3%
againstversus
33.3%
other selfalter ego
33.3%
beware of the dogcave canem
33.3%
god from a machinedeus ex machina
33.3%
that isid est
33.3%
according to the deed, actualde facto
16.7%
with all other things being equalceteris paribus
16.7%
according to the lawde iure
16.7%
friend of the courtamicus curiae
16.7%
let the buyer bewarecaveat emptor
16.7%
retiredemeritus
16.7%
the law does not care about small thingsde minimis non curat lex
16.7%
list of people in a playdramatis personae
16.7%

You're not logged in!

Compare scores with friends on all Sporcle quizzes.
OR
Log In

You Might Also Like...

Show Comments

Extras

Created Nov 2, 2013ReportNominate
Tags:111, motto, review

Top Quizzes Today


Score Distribution

Your Account Isn't Verified!

In order to create a playlist on Sporcle, you need to verify the email address you used during registration. Go to your Sporcle Settings to finish the process.

Report this User

Report this user for behavior that violates our Community Guidelines.

Details: